000
00510nam a2200181Ia 4500
008
090123s9999 xx 000 0 und d
082
_b
25454
100
_a
तेंडुलकर प्रिया
245
_a
असही
250
_a
1
260
_b
डिंपल प्रकाशन
300
_a
158
600
_a
तेंडुलकर प्रिया
630
_a
असही
700
_a
तेंडुलकर प्रिया
730
_a
असही
942
_c
BOOK
999
_c
63525
_d
63525